Thơ Hồ Xuân Hương Văn học cổ Việt Nam
v.v...
Đã lưu trong:
| Tác giả chính: | |
|---|---|
| Định dạng: | Sách |
| Năm xuất bản: |
H.
Thanh niên
2007
|
| Chủ đề: | |
| Tags: |
Thêm thẻ
Không có thẻ, Hãy là người đầu tiên gắn thẻ bản ghi này!
|
| LEADER | 00670nam a2200169 4500 | ||
|---|---|---|---|
| 082 | |a 895.9221 |b H450X | ||
| 100 | |a Hồ Xuân Hương | ||
| 245 | |a Thơ Hồ Xuân Hương |b Văn học cổ Việt Nam |c Phạm Du Yên tập hợp và giới thiệu | ||
| 260 | |a H. |b Thanh niên |c 2007 | ||
| 300 | |a 158tr. |c 19cm | ||
| 520 | |a v.v... | ||
| 653 | |a Văn học cổ điển | ||
| 653 | |a Việt Nam | ||
| 653 | |a Thơ | ||
| 942 | |2 ddc |c SH | ||
| 999 | |c 888 |d 888 | ||
| 952 | |0 0 |1 0 |2 ddc |4 0 |6 895_922100000000000_H450X |7 0 |8 800 |9 16239 |a qbu |b qbu |c D5 |d 2014-12-01 |g 24500 |l 6 |m 2 |o 895.9221 H450X |p 5433.c1 |r 2018-01-12 |s 2018-01-04 |w 2014-12-01 |y SH |0 0 |6 895_922100000000000_H450X |0 0 |6 895_922100000000000_H450X | ||